000 00817nam a2200229Ii 4500
003 JO-AjNU
008 230605s9999||||xx |||||||||||||| ||und||
017 _a2011/3/1103
020 _a978-9957-06-912-3
040 _aJO-AjNU
_bara
_erda
_cJO-AjNU
041 _aara
050 1 4 _aLC4601.H3922 2012
100 3 _aالحازمي، عدنان ناصر,
_eauthor
_942763
245 0 0 _aالإعاقة العقلية دليل المعلمين و أولياء الأمور
250 _aط2
264 3 1 _aعمان:دار الفكر،2012
300 _a359ص
336 _atext
_btxt
_2rdacontent
337 _aunmediated
_bn
_2rdamedia
338 _avolume
_bnc
_2rdacarrier
650 4 _aالمعوقون عقليا-الأمراض العقلية-بطيئ التعلم-أساليب التدريس-التعلم
_942764
999 _aA18335
_c21903
_d21903